[Event "Kislovodsk Narzan op"]
[Site "Kislovodsk"]
[Date "2015.08.05"]
[Round "3"]
[White "Gerliani, Roin"]
[Black "Bychenkova, Yulia"]
[Result "1-0"]
[WhiteElo "1916"]
[BlackElo "1726"]
[PlyCount "97"]
[EventDate "2015.08.01"]
[EventType "swiss"]
[EventRounds "9"]
[EventCountry "RUS"]
[SourceTitle "EXT 2016"]
[Source "ChessBase"]
[SourceDate "2015.10.08"]
[SourceVersion "1"]
[SourceVersionDate "2015.10.08"]
[SourceQuality "1"]

1. d4 f5 2. c4 Nf6 3. Nc3 e6 4. Bf4 c6 5. e3 d5 6. Nf3 Bd6 7. Bg5 Nbd7 8. Qb3 h6 9. Bh4 0-0 10. Bd3 b6 11. 0-0 Bb7 12. Rfd1 g5 13. Bg3 Bc7 14. Rac1 Ne4 15. Bxc7 Qxc7 16. cxd5 exd5 17. Nxd5 Qd6 18. Nxb6+ Kg7 19. Nxa8 Bxa8 20. Qa4 g4 21. Ne1 Nb6 22. Qxa7+ Nd7 23. Rc2 h5 24. Rdc1 h4 25. Bxe4 fxe4 26. Rc5 Kg6 27. R5c2 Nf6 28. Qa6 g3 29. hxg3 hxg3 30. f3 Qe7 31. fxe4 Qxe4 32. Qd3 Qxd3 33. Nxd3 Ne4 34. Ne5+ Kg5 35. Nxc6 Nf2 36. Rc5+ Kf6 37. R1c2 Rh8 38. Rxf2+ gxf2+ 39. Kxf2 Rc8 40. d5 Bb7 41. b4 Ra8 42. Na5 Bc8 43. e4 Ke5 44. Ke3 Bg4 45. a4 Bd7 46. Nc4+ Kf6 47. e5+ Ke7 48. Rc7 Rxa4 49. Rxd7+ 1-0

[Event "Kislovodsk Elo op"]
[Site "Kislovodsk"]
[Date "2012.01.22"]
[Round "8"]
[White "Gerliani, Roin"]
[Black "Dzhavathanov, Magomed"]
[Result "1-0"]
[WhiteElo "1920"]
[BlackElo "1800"]
[PlyCount "133"]
[EventDate "2012.01.15"]
[EventType "swiss"]
[EventRounds "9"]
[EventCountry "RUS"]
[SourceTitle "EXT 2014"]
[Source "ChessBase"]
[SourceDate "2013.11.20"]
[SourceVersion "1"]
[SourceVersionDate "2013.11.20"]
[SourceQuality "1"]

1. d4 Nf6 2. c4 g6 3. Nc3 Bg7 4. e4 d6 5. f4 c5 6. d5 0-0 7. Nf3 Na6 8. Be3 Nc7 9. Bd3 Bd7 10. 0-0 a6 11. a4 b6 12. Qc2 Rb8 13. h3 b5 14. axb5 axb5 15. b3 bxc4 16. bxc4 e6 17. e5 Nfe8 18. exd6 Nxd6 19. Bxc5 Nce8 20. Ne5 Rc8 21. Qf2 Qc7 22. Bb6 Bxe5 23. Bxc7 Bxc3 24. Bxd6 Nxd6 25. Rac1 Bg7 26. c5 Bb5 27. Rcd1 Bxd3 28. Rxd3 Nb7 29. c6 Nd8 30. Rc1 exd5 31. Qb6 Ne6 32. g3 Nc7 33. Re1 Bf6 34. Kg2 Rfd8 35. g4 h6 36. Kg3 d4 37. h4 Nd5 38. Qb5 Rd6 39. g5 hxg5 40. hxg5 Bg7 41. Rc1 Nc7 42. Qb7 Rdd8 43. Rc5 Ne6 44. Ra5 Rc7 45. Qb5 Bf8 46. f5 Nc5 47. Rd1 gxf5 48. Qb6 f4+ 49. Kxf4 Ne6+ 50. Kf5 Rdc8 51. Rc1 d3 52. Rd5 Ba3 53. Rc3 Be7 54. g6 Ng7+ 55. Kg4 Bf6 56. gxf7+ Kf8 57. Rc4 Ne6 58. Rxd3 Kxf7 59. Rd6 Be7 60. Qf2+ Bf6 61. Qf5 Rg8+ 62. Kf3 Re7 63. Rd7 Rc8 64. Qd5 Rc7 65. Rd6 Re8 66. Re4 Rce7 67. c7 1-0

[Event "Kislovodsk Elo op"]
[Site "Kislovodsk"]
[Date "2012.01.21"]
[Round "7"]
[White "Beglaryan, Araik"]
[Black "Gerliani, Roin"]
[Result "1-0"]
[WhiteElo "2121"]
[BlackElo "1920"]
[PlyCount "91"]
[EventDate "2012.01.15"]
[EventType "swiss"]
[EventRounds "9"]
[EventCountry "RUS"]
[SourceTitle "EXT 2014"]
[Source "ChessBase"]
[SourceDate "2013.11.20"]
[SourceVersion "1"]
[SourceVersionDate "2013.11.20"]
[SourceQuality "1"]

1. c4 c6 2. Nc3 d5 3. d4 Nf6 4. Nf3 e6 5. e3 Nbd7 6. Bd3 Be7 7. 0-0 0-0 8. Qc2 Re8 9. a3 dxc4 10. Bxc4 Nb6 11. Ba2 Nbd5 12. Bd2 Bd7 13. Ne5 Rc8 14. b4 Bd6 15. Nc4 Bc7 16. e4 Nxc3 17. Bxc3 Bf4 18. e5 Nd5 19. Nd6 Rc7 20. Nxe8 Bxe8 21. Bd2 Qg5 22. Bxd5 exd5 23. Bxf4 Qxf4 24. Qc5 b6 25. Qc3 Re7 26. a4 g6 27. Rfe1 Bd7 28. b5 Re6 29. a5 cxb5 30. axb6 axb6 31. Ra8+ Kg7 32. Ra7 Be8 33. Rc7 h5 34. h3 Qh4 35. Ra1 Qe4 36. Rc8 Bd7 37. Rc7 Be8 38. Qb2 h4 39. Ra8 g5 40. Rcc8 Qe1+ 41. Kh2 Kf8 42. Qxb5 Qxf2 43. Rxe8+ Kg7 44. Rg8+ Kh6 45. Rh8+ Kg6 46. Qd3+ 1-0

[Event "Kislovodsk Elo op"]
[Site "Kislovodsk"]
[Date "2012.01.16"]
[Round "2"]
[White "Gerliani, Roin"]
[Black "Bilyk, Evgeny"]
[Result "0-1"]
[WhiteElo "1920"]
[BlackElo "1852"]
[PlyCount "94"]
[EventDate "2012.01.15"]
[EventType "swiss"]
[EventRounds "9"]
[EventCountry "RUS"]
[SourceTitle "EXT 2014"]
[Source "ChessBase"]
[SourceDate "2013.11.20"]
[SourceVersion "1"]
[SourceVersionDate "2013.11.20"]
[SourceQuality "1"]

1. d4 Nf6 2. Bf4 g6 3. Nf3 d6 4. Nbd2 c5 5. e3 Bg7 6. c3 0-0 7. Bc4 b6 8. h3 Bb7 9. 0-0 Nc6 10. Qe2 cxd4 11. exd4 d5 12. Bd3 Qd7 13. Bb5 Rae8 14. Rfe1 Qc8 15. Rac1 a6 16. Ba4 b5 17. Bc2 Nd7 18. a4 e5 19. dxe5 b4 20. cxb4 Ncxe5 21. Nxe5 Nxe5 22. Qf1 Nc4 23. Nxc4 dxc4 24. b3 Rxe1 25. Qxe1 Re8 26. Qd2 Qc6 27. f3 Qb6+ 28. Kf1 Rd8 29. Qe1 c3 30. Qe7 Bf8 31. Qg5 Qxb4 32. Qxd8 Qxf4 33. Re1 Qb4 34. Re8 a5 35. Ke1 Kg7 36. Qb8 Bd6 37. Qd8 Qf4 38. Bd3 c2 39. Bxc2 Qc1+ 40. Kf2 Qxc2+ 41. Ke3 Qxb3+ 42. Kf2 Qc2+ 43. Ke3 Qc3+ 44. Kf2 Qd2+ 45. Kg1 Qd4+ 46. Kf1 Ba6+ 47. Re2 Qd1+ 0-1

[Event "Kislovodsk Plaza op"]
[Site "Kislovodsk"]
[Date "2010.12.17"]
[Round "8"]
[White "Gerliani, Roin"]
[Black "Kozidub, Nikolay"]
[Result "1/2-1/2"]
[WhiteElo "1920"]
[BlackElo "2225"]
[PlyCount "91"]
[EventDate "2010.12.11"]
[EventType "swiss"]
[EventRounds "9"]
[EventCountry "RUS"]
[SourceTitle "EXT 2013"]
[Source "ChessBase"]
[SourceDate "2012.11.22"]
[SourceVersion "1"]
[SourceVersionDate "2012.11.22"]
[SourceQuality "1"]

1. d4 d5 2. Nf3 c6 3. Bf4 e6 4. c3 Nd7 5. Nbd2 f5 6. e3 Ngf6 7. Ng5 Qe7 8. h3 h6 9. Ngf3 Qf7 10. Qb3 Be7 11. c4 0-0 12. Rc1 Ne4 13. Bd3 g5 14. Bh2 Bf6 15. c5 h5 16. Qa4 Qg7 17. b4 g4 18. hxg4 hxg4 19. Ke2 Kf7 20. Ne5+ Nxe5 21. dxe5 Bxe5 22. Bxe5 Qxe5 23. Bxe4 fxe4 24. Qa5 Rh8 25. f3 gxf3+ 26. gxf3 Rh2+ 27. Rxh2 Qxh2+ 28. Kd1 exf3 29. Qd8 e5 30. e4 dxe4 31. Rc3 Qe2+ 32. Kc1 f2 33. Qc7+ Kf6 34. Qd8+ Kf5 35. Qf8+ Kg5 36. Rg3+ Bg4 37. Rxg4+ Qxg4 38. Qxa8 Qg1+ 39. Kc2 f1Q 40. Qg8+ Kh4 41. Qh7+ Kg3 42. Qg6+ Kf2 43. Qf5+ Kg2 44. Qxe4+ Kh3 45. Nxf1 Qxf1 46. Qxe5 1/2-1/2

[Event "Stavropol Region-ch"]
[Site "Kislovodsk"]
[Date "2010.09.26"]
[Round "9"]
[White "Frolov, Andrei"]
[Black "Gerliani, Roin"]
[Result "0-1"]
[WhiteElo "2188"]
[BlackElo "1922"]
[PlyCount "94"]
[EventDate "2010.09.18"]
[EventType "swiss"]
[EventRounds "9"]
[EventCountry "RUS"]
[SourceTitle "EXT 2022"]
[Source "ChessBase"]
[SourceDate "2021.10.06"]
[SourceVersion "1"]
[SourceVersionDate "2021.10.06"]
[SourceQuality "1"]

1. Nf3 d5 2. g3 c5 3. Bg2 Nc6 4. 0-0 e5 5. d3 f5 6. c3 Nf6 7. Qc2 Bd6 8. Nbd2 0-0 9. e4 fxe4 10. dxe4 d4 11. Nc4 Bc7 12. Bg5 Be6 13. Ncd2 Qd7 14. Rfe1 h6 15. Bxf6 Rxf6 16. a3 Raf8 17. cxd4 cxd4 18. Rac1 Qf7 19. b4 a6 20. a4 Bd6 21. b5 axb5 22. axb5 Ne7 23. h3 g5 24. Rf1 g4 25. hxg4 Bxg4 26. Nc4 Bxf3 27. Bxf3 Bb8 28. Bg2 Qe8 29. Qb3 Kg7 30. Nd2 h5 31. Bh3 h4 32. b6 Qh5 33. g4 Qh6 34. Qb4 Bd6 35. Qa5 Nc6 36. Rxc6 bxc6 37. Nc4 Qf4 38. Nxd6 Rxd6 39. b7 Rdd8 40. g5 Qxg5+ 41. Kh1 Qe7 42. Rg1+ Kh8 43. Qb6 Qd6 44. Bf5 Rg8 45. Rxg8+ Rxg8 46. Qa7 Qb4 47. Bg6 Qe1+ 0-1

[Event "Stavropol Region-ch"]
[Site "Kislovodsk"]
[Date "2009.10.06"]
[Round "4"]
[White "Gerliani, Roin"]
[Black "Ilyinikh, Yury"]
[Result "1/2-1/2"]
[WhiteElo "1925"]
[BlackElo "2148"]
[PlyCount "75"]
[EventDate "2009.10.03"]
[EventType "swiss"]
[EventRounds "9"]
[EventCountry "RUS"]
[SourceTitle "EXT 2022"]
[Source "ChessBase"]
[SourceDate "2021.10.06"]
[SourceVersion "1"]
[SourceVersionDate "2021.10.06"]
[SourceQuality "1"]

1. d4 Nf6 2. Nf3 g6 3. Bf4 Bg7 4. Nbd2 0-0 5. c3 d6 6. h3 Nbd7 7. e3 b6 8. Bc4 Bb7 9. 0-0 Nh5 10. Bh2 c5 11. Re1 Rc8 12. Qe2 Re8 13. Rad1 e5 14. dxc5 d5 15. Bb5 bxc5 16. Nb3 e4 17. Nfd2 Nhf6 18. g4 Re6 19. f4 exf3 20. Nxf3 Ne4 21. Nbd2 Ndf6 22. Nf1 Qe7 23. Bd3 h6 24. Bc2 Rd8 25. Bb3 Nh7 26. Bf4 Nhg5 27. Nxg5 Nxg5 28. Kh2 Ne4 29. Kg1 Qh4 30. Qg2 Ng5 31. Kh2 Ne4 32. Ng3 Qe7 33. Nxe4 Rxe4 34. Bc2 Re6 35. Qf2 g5 36. Bg3 Re8 37. Ba4 Rd8 38. Bb5 1/2-1/2

[Event "Kislovodsk Rating"]
[Site "Kislovodsk"]
[Date "2009.07.25"]
[Round "8"]
[White "Gerliani, Roin"]
[Black "Fazulyanov, Sergey"]
[Result "0-1"]
[WhiteElo "1922"]
[BlackElo "2363"]
[PlyCount "102"]
[EventDate "2009.07.18"]
[EventType "tourn"]
[EventRounds "9"]
[EventCountry "RUS"]
[SourceTitle "EXT 2022"]
[Source "ChessBase"]
[SourceDate "2021.10.06"]
[SourceVersion "1"]
[SourceVersionDate "2021.10.06"]
[SourceQuality "1"]

1. d4 Nf6 2. Nf3 b6 3. Bf4 Bb7 4. c4 e6 5. Nc3 Bb4 6. Rc1 Ne4 7. e3 0-0 8. Bd3 f5 9. h3 Bxc3+ 10. bxc3 Nc6 11. Qa4 Na5 12. c5 h6 13. Rc2 Ng5 14. Be2 Bc6 15. Qb4 Be4 16. Rd2 Nb7 17. 0-0 d6 18. cxb6 cxb6 19. Ne1 Bc6 20. Ba6 Nf7 21. Nd3 Qd7 22. Rfd1 Na5 23. c4 Bb7 24. Bxb7 Nxb7 25. c5 bxc5 26. dxc5 d5 27. Rc1 Nbd8 28. Rdc2 Nc6 29. Qa3 e5 30. Bg3 g5 31. Nb4 f4 32. Bh2 Nfd8 33. Rd2 d4 34. exd4 exd4 35. Rcd1 Re8 36. Kh1 a5 37. Nc2 Ne6 38. Ne1 Qd5 39. Rc2 Nb4 40. Rcd2 Nxc5 41. Bg1 Ne4 42. Rxd4 Qxa2 43. Qf3 Qe6 44. h4 Nc6 45. Ra4 Rab8 46. Qh5 Nc3 47. Raa1 Nxd1 48. Rxd1 Rbd8 49. Rc1 g4 50. f3 g3 51. Rc4 Rd5 0-1